Loading...
| Literature - British | 0 | 7 | 0 | 0 | 70 | 70 | 90.57 | 0 | 2 | 22.97 | 43.30 |
| History - European | 0 | 7 | 0 | 1 | 70 | 66 | 79.29 | 1 | 4 | 22.63 | 44.11 |
| Literature - American | 0 | 5 | 0 | 0 | 50 | 77 | 93.80 | 0 | 2 | 15.27 | 31.99 |
| History - American | 0 | 5 | 1 | 0 | 45 | 53 | 80.00 | 1 | 2 | 16.98 | 32.23 |
| Philosophy | 0 | 5 | 1 | 0 | 45 | 50 | 78.60 | 1 | 3 | 15.86 | 30.36 |
| Social Science | 0 | 4 | 0 | 0 | 40 | 72 | 89.50 | 0 | 0 | 7.49 | 16.78 |
| Literature - European | 0 | 4 | 0 | 0 | 40 | 75 | 84.50 | 1 | 3 | 13.96 | 27.21 |
| Religion | 0 | 3 | 1 | 1 | 25 | 96 | 112.67 | 0 | 0 | 2.90 | 9.09 |
| Science - Biology | 0 | 3 | 1 | 3 | 25 | 108 | 114.00 | 0 | 0 | 0.00 | 2.27 |
| History - World | 0 | 2 | 0 | 0 | 20 | 34 | 34.50 | 1 | 2 | 13.26 | 15.91 |
| Science - Other | 0 | 2 | 0 | 0 | 20 | 85 | 102.00 | 0 | 0 | 1.80 | 6.41 |
| Fine Arts - Other | 0 | 2 | 1 | 0 | 15 | 110 | 112.50 | 0 | 0 | 2.73 | 11.01 |
| Fine Arts - Classical Music | 0 | 2 | 1 | 0 | 15 | 47 | 73.50 | 0 | 1 | 8.08 | 13.93 |
| Geography | 0 | 1 | 0 | 0 | 10 | 71 | 71.00 | 1 | 1 | 15.27 | 33.33 |
| Fine Arts - Painting and Sculpture | 0 | 1 | 0 | 0 | 10 | 102 | 102.00 | 0 | 1 | 1.67 | 7.58 |
| Current Events | 0 | 1 | 0 | 0 | 10 | 50 | 50.00 | 0 | 0 | 29.17 | 34.62 |
| Other Academic | 0 | 1 | 0 | 1 | 10 | 125 | 125.00 | 0 | 0 | 0.00 | 4.17 |
| Popular Culture | 0 | 1 | 0 | 1 | 10 | 138 | 138.00 | 0 | 0 | 0.00 | 8.33 |
| Science - Chemistry | 0 | 0 | 1 | 0 | -5 | 0.00 | 0 | 0 | 0.00 | 0.00 | |
| Mythology | 0 | 0 | 1 | 0 | -5 | 0.00 | 0 | 0 | 0.00 | 0.00 | |
| Science - Physics | 0 | 0 | 1 | 0 | -5 | 0.00 | 0 | 0 | 0.00 | 0.00 | |
| History - Other | 0 | 0 | 1 | 0 | -5 | 0.00 | 0 | 0 | 0.00 | 0.00 |